| 000 | 00964cam a2200277 4500 | ||
|---|---|---|---|
| 001 | ABS67967 | ||
| 008 | 040611n2004 000 0 eng u | ||
| 035 | _a(Sirsi) u126461 | ||
| 100 | _aFewster, J. | ||
| 245 | _aCountryside access: will the reality match the dream? | ||
| 260 | _c2004 | ||
| 490 |
_aGreen Places _v(06) June 2004, 16-17(2) |
||
| 520 | _aQuestions whether the implementation of the Countryside and Rights of Way Act 2000 will deliver greater public access to the countryside. Representatives from the Ramblers' Association, the National Farmers' Union and the Association of National Park Authorities give their views. | ||
| 590 | _aABS | ||
| 590 | _aABS | ||
| 650 | _aCOUNTRYSIDE AND RIGHTS OF WAY ACT 2000 | ||
| 650 | _aPUBLIC ACCESS | ||
| 650 | _aOPEN LAND | ||
| 650 | _aRAMBLERS | ||
| 650 | _aFARMERS | ||
| 650 | _aNATIONAL PARKS | ||
| 690 |
_aRURAL _96268 |
||
| 700 | _aClark, A. | ||
| 700 | _aEccles, M. | ||
| 942 | _n0 | ||
| 999 |
_c117502 _d117502 |
||